000 00223 a2200097 4500
001 40909
100 _aMertnel, J A
245 _abasic engineering principles
260 _aWest Part
_bAvi Pubs Co
_c
090 _c25162
_d25162
942 _aNUST-CAE
_cM
_c16850
999 _c275982
_d275982